| 000 | 01205cad a22002295a 4500 | ||
|---|---|---|---|
| 001 | E147860 | ||
| 008 | 090624s2009 xxuad f s 000 0 eng d | ||
| 035 | _a(Sirsi) u147860 | ||
| 041 | 0 | _aeng | |
| 050 | 0 | 4 | _a333.33 $2 18 |
| 110 | 2 |
_aCushman and Wakefield _9244 |
|
| 245 | 0 | 0 |
_aAsia Pacific economic pulse _brecovery in Asia real estate, are we there yet? _h[electronic resource] |
| 260 |
_aLondon _bCushman and Wakefield _c2009 |
||
| 490 | 0 | _aAsia Pacific Economic Pulse | |
| 520 | _aConsiders whether the bottom of the current economic downturn has been reached in three areas: investors' demand as reflected in yields and the availability of financing; demand for office space; and rents. Concludes that tenant demand should improve towards the end of this year, and that the outlook for rents will depend on supply. | ||
| 590 | _aKA | ||
| 650 | 2 | 4 | _aCUSHMAN AND WAKEFIELD ASIA PACIFIC ECONOMIC PULSE |
| 651 | 4 | _aAsia Pacific | |
| 690 | _aPROPERTY-COMMERCIAL PROPERTY-COMMERCIAL PROPERTY MARKET | ||
| 856 | 4 | 0 |
_uhttps://www.cushwake.com/cwglobal/jsp/kcReportDetail.jsp?Country=GLOBAL&Language=EN&catId=100006&pId=c23700004p _zView this report free of charge at www.cushwake.com... |
| 942 | _n0 | ||
| 999 |
_c109755 _d109755 |
||